Najdłuższe rzeki na świecie - Statystyki

Ogólne statystyki
  • Ten quiz został rozwiązany 6 458 razy
  • Średni wynik to 12 z 30
Statystyki odpowiedzi
Długość m Kontynent Rzeka % Poprawnych
6650 Afryka Nil
98%
6400 Ameryka Południowa Amazonka
96%
3530 Europa Wołga
83%
2860 Europa Dunaj
80%
6300 Azja Jangcy
75%
6275 Ameryka Północna Missisipi
70%
4700 Afryka Kongo
57%
2510 Azja Ganges
54%
5460 Azja Rzeka Żółta
52%
5310 Azja Ob
51%
4400 Azja Lena
49%
2780 Azja Eufrat
43%
4200 Afryka Niger
43%
4350 Azja Mekong
40%
4440 Azja Amur
33%
3180 Azja Indus
33%
5540 Azja Jenisej
32%
4880 Ameryka Południowa Parana
29%
2430 Europa/Azja Ural
26%
3180 Ameryka Północna Jukon
23%
3030 Ameryka Północna Rio Grande
23%
2700 Afryka Zambezi
22%
4240 Ameryka Północna Mackenzie
19%
2940 Azja Brahmaputra
17%
3020 Azja Syr-daria
14%
2620 Azja Amu-daria
13%
2900 Ameryka Południowa Sao Francisco
9%
2510 Azja Kołyma
8%
3670 Australia Murray-Darling
8%
3060 Azja Saluin
6%
Nie znaleziono quizów pasujących do podanych kryteriów
Rozkład punktacji
Procent ludzi z każdym wynikiem
Percentyl według liczby udzielonych odpowiedzi
Twoja historia wyników
Nie rozwiązałeś tego quizu